000 00767nam a22002295a 4500
005 20170110124007.0
008 170110t2014 gw a frb 000 0 eng d
020 _a9783639719246
040 _aEG-ScBUE
_beng
_cEG-ScBUE
_dEG-ScBUE
082 0 4 _a616.978
_bELK
_222
100 1 _aEl-Kased, Reham F.
245 1 0 _aNew mass spectrometry-based epitope mapping procedures of autoantigens /
_cReham F. El-Kased, Michael Glocker.
260 _aSaarbrücken :
_bScholars' Press,
_cc.2014.
300 _aiv, 104 p. :
_bill. ;
_c24 cm.
504 _aIncludes bibliographical references.
590 _aComposed by BUE staff.
650 7 _2BUEsh
_923022
_aMass spectrometry.
651 _2BUEsh
653 _bENGGEN
_cJanuary2017
700 1 _aGlocker, Michael.
942 _2ddc
999 _c23876
_d23848